Southville International School and Colleges
Your cart is empty.
  • Cart
  • Lists
    Public lists list_1 View all
    Your lists Log in to create your own lists
  • Log in to your account
  • Your cookies
  • Search history
Southville International School and Colleges
  • Advanced search
  • Recent comments
  • Most popular
  • Libraries

Log in to your account

Log in with GOOGLE


If you do not have an external account, but do have a local account, you can still log in:

  1. Home
  2. MARC view: Princess and fairy enchanting carnival /
Normal view MARC view ISBD view

Princess and fairy enchanting carnival / (Record no. 356275)

[ view plain ]
MARC details
000 -LEADER
fixed length control field 00646nam a2200253Ia 4500
008 - FIXED-LENGTH DATA ELEMENTS--GENERAL INFORMATION
fixed length control field 180313s9999 xx 000 0 und d
020 ## - INTERNATIONAL STANDARD BOOK NUMBER
International Standard Book Number 9789810914196
050 ## - LIBRARY OF CONGRESS CALL NUMBER
Item number ER P632 2012
100 ## - MAIN ENTRY--PERSONAL NAME
Personal name Pignataro, Anna
245 ## - TITLE STATEMENT
Title Princess and fairy enchanting carnival /
245 ## - TITLE STATEMENT
Statement of responsibility, etc by Anna Pignataro.
260 ## - PUBLICATION, DISTRIBUTION, ETC. (IMPRINT)
Place of publication, distribution, etc New York, New York :
260 ## - PUBLICATION, DISTRIBUTION, ETC. (IMPRINT)
Name of publisher, distributor, etc Scholastic Inc.,
260 ## - PUBLICATION, DISTRIBUTION, ETC. (IMPRINT)
Date of publication, distribution, etc 2012
300 ## - PHYSICAL DESCRIPTION
Extent unpaged :
300 ## - PHYSICAL DESCRIPTION
Other physical details colored illustrations ;
300 ## - PHYSICAL DESCRIPTION
Dimensions 25cm.
650 ## - SUBJECT ADDED ENTRY--TOPICAL TERM
Topical term or geographic name as entry element Carnivals --
650 ## - SUBJECT ADDED ENTRY--TOPICAL TERM
Topical term or geographic name as entry element Carnivals.
650 ## - SUBJECT ADDED ENTRY--TOPICAL TERM
Topical term or geographic name as entry element Rabbits --
650 ## - SUBJECT ADDED ENTRY--TOPICAL TERM
General subdivision Juvenile fiction.
650 ## - SUBJECT ADDED ENTRY--TOPICAL TERM
General subdivision Juvenile fiction.
700 ## - ADDED ENTRY--PERSONAL NAME
Personal name Title.
Holdings
Withdrawn status Lost status Damaged status Home library Current library Shelving location Date acquired Cost, normal purchase price Total Checkouts Full call number Barcode Date last seen Price effective from Koha item type
      Stonyhurst Southville International School (Malarayat) Stonyhurst Southville International School (Malarayat)   03/13/2018 225.00   P632 2012 SSISM5511 03/13/2018 03/13/2018 Books

Princess and fairy enchanting carnival /

APA

Pignataro A., Title, .Princess and fairy enchanting carnival. New York, New York: .

Chicago

Pignataro Anna, Title, .Princess and fairy enchanting carnival. New York, New York: .

Harvard

Pignataro A., Title, .Princess and fairy enchanting carnival. New York, New York: .

MLA

Pignataro Anna, Title, .New York, New York: . .

  • Place hold
  • Print
  • Cite
  • Add to your cart (remove)
  • Save record
    BIBTEX Dublin Core MARCXML MARC (non-Unicode/MARC-8) MARC (Unicode/UTF-8) MARC (Unicode/UTF-8, Standard) MODS (XML) RIS
  • More searches
    Search for this title in:
    Other Libraries (WorldCat) Other Databases (Google Scholar) Online Stores (Bookfinder.com) Open Library (openlibrary.org)

Exporting to Dublin Core...

SOUTHVILLE LIBRARY

Southville International School and Colleges Library

1281 Tropical Ave. Cor. Luxembourg St., BF Homes International, Las Pinas City

Tel. No. 8256374 / 252358 Loc. 117/146

Powered by Koha